000 00484pab a2200157 454500
008 180718b2017 xxu||||| |||| 00| 0 eng d
100 _aLechier, Thomas G.
245 _aExploring the role of project management in the development of the academic agile software discourse: a bibliometric analysis
260 _c2017
300 _ap.3-18.
362 _aFeb-Mar
650 _aProject management
700 _aYang, Siwen
773 _aProject Management Journal
909 _a114524
999 _c114518
_d114518